000 00319nam a22001337a 4500
008 230525b |||||||| |||| 00| 0 eng d
020 _a9789390735594
100 _aS. S. Srivastava
245 _aLaw of Contract I & II
260 _aPraygraj
_bCLA Pub.
_c2023
300 _a864
546 _aEnglish
942 _2ddc
_cBK
999 _c20086
_d20086